Blue lock rivals flow - Statistics

General Stats
  • This quiz has been taken 82 times
  • The average score is 14 of 17
Answer Stats
Hint Answer % Correct
hiori ice
89%
yukimiya dribbler
86%
rin prodigy
86%
isagi puzzle
86%
reo chameleon
84%
sae genius
84%
nagi trap
84%
sae awakened genius
83%
karasu crow
83%
shidou demon wings
83%
bachira monster
83%
aiku snake
83%
kunigami wild card
83%
don Lorenzo soul harvester
81%
chigiri gale burst
70%
king kings instinct
69%
chigiri lightning
54%
No matching quizzes found
Score Distribution
Percent of People with Each Score
Percentile by Number Answered
Your Score History
You have not taken this quiz